Biblioteca y Centro de Documentación

Sociología cultural (Registro nro. 51651)

Detalles MARC
000 -CABECERA
Longitud fija campo de control 01639nam a2200409 c 4500
001 - NÚMERO DE CONTROL
Número de control 51651
003 - IDENTIFICADOR DE NÚMERO DE CONTROL
Identificador del número de control ES-MaCES
005 - FECHA Y HORA DE LA ÚLTIMA TRANSACCIÓN
Fecha y hora de la última transacción 20240124151150.0
008 - CAMPO FIJO DE DESCRIPCIÓN FIJA--INFORMACIÓN GENERAL
Códigos de información de longitud fija   201217s2020 sp | 000 | spa d
017 ## - NÚMERO DE REGISTRO DE DERECHOS DE AUTOR Y DEPÓSITO LEGAL
Número de copyright o de depósito legal B 659-2020
Agencia que asigna el número DL
020 ## - ISBN (INTERNATIONAL STANDARD BOOK NUMBER)
Número Internacional Normalizado para Libros (ISBN) 9788417556280 (Anthropos Editorial)
020 ## - ISBN (INTERNATIONAL STANDARD BOOK NUMBER)
Número Internacional Normalizado para Libros (ISBN) 9786078517473 (FLACSO México)
040 ## - FUENTE DE CATALOGACIÓN
Centro catalogador de origen ES-MaCES
Lengua de catalogación spa
Centro transcriptor ES-MaCES
100 1# - ENCABEZAMIENTO PRINCIPAL--NOMBRE PERSONAL
9 (RLIN) 39817
Nombre de persona Alexander, Jeffrey C,
245 10 - MENCIÓN DE TÍTULO
Título Sociología cultural
Resto del título : formas de clasificación en las sociedades complejas
Mención de responsabilidad, etc. Alexander, Jeffrey C ; intr. y rev. técnica de Nelso Arteaga Botello
250 ## - MENCIÓN DE EDICIÓN
Mención de edición 2ª ed. rev., correg. y act
260 ## - PUBLICACIÓN, DISTRIBUCIÓN, ETC (PIE DE IMPRENTA)
Lugar de publicación, distribución, etc. Barcelona
Nombre del editor, distribuidor, etc. Anthropos
260 ## - PUBLICACIÓN, DISTRIBUCIÓN, ETC (PIE DE IMPRENTA)
Lugar de publicación, distribución, etc. México
Nombre del editor, distribuidor, etc. FLACSO México
Fecha de publicación, distribución, etc. 2020
300 ## - DESCRIPCIÓN FÍSICA
Extensión 285 p.
Dimensiones 23 cm
490 1# - MENCIÓN DE SERIE
Mención de serie Autores, textos y temas. Ciencias sociales
Designación de volumen o secuencia 23
500 ## - NOTA GENERAL
Nota general La Facultad Latinoamericana de Ciencias Sociales (FLACSO) es un organismo internacional constituido por 18 Estados Miembros que actualmente desarrolla actividades académicas en 13 países de América Latina y el Caribe
504 ## - NOTA DE BIBLIOGRAFÍA, ETC.
Nota de bibliografía, etc. Bibliografía
541 ## - NOTA DE LA FUENTE INMEDIANTE DE ADQUISICIÓN
Forma de adquisición Compra
650 #4 - ASIENTO SECUNDARIO DE MATERIA--TÉRMINO DE MATERIA
Término de materia o nombre geográfico como elemento inicial cultura
9 (RLIN) 27265
650 #4 - ASIENTO SECUNDARIO DE MATERIA--TÉRMINO DE MATERIA
Término de materia o nombre geográfico como elemento inicial sociedad
9 (RLIN) 27269
650 #4 - ASIENTO SECUNDARIO DE MATERIA--TÉRMINO DE MATERIA
Término de materia o nombre geográfico como elemento inicial antropología social y cultural
9 (RLIN) 27254
650 #4 - ASIENTO SECUNDARIO DE MATERIA--TÉRMINO DE MATERIA
Término de materia o nombre geográfico como elemento inicial cambio cultural
9 (RLIN) 27262
650 #4 - ASIENTO SECUNDARIO DE MATERIA--TÉRMINO DE MATERIA
Término de materia o nombre geográfico como elemento inicial cambio social
9 (RLIN) 27286
650 #4 - ASIENTO SECUNDARIO DE MATERIA--TÉRMINO DE MATERIA
Término de materia o nombre geográfico como elemento inicial sociología
9 (RLIN) 27257
650 #4 - ASIENTO SECUNDARIO DE MATERIA--TÉRMINO DE MATERIA
Término de materia o nombre geográfico como elemento inicial ciencias sociales
9 (RLIN) 27256
653 10 - TÉRMINO DE INDEXACIÓN--NO CONTROLADO
Término no controlado Ciencias Sociales-Políticas
700 1# - ENCABEZAMIENTO SECUNDARIO--NOMBRE PERSONAL
9 (RLIN) 39818
Nombre de persona Arteaga Botello, Nelson
Término indicativo de función col.
710 1# - ENCABEZAMIENTO SECUNDARIO--NOMBRE CORPORATIVO
9 (RLIN) 40878
Nombre de entidad o nombre de jurisdicción como elemento inicial Facultad Latinoamericana de Ciencias Sociales
830 #0 - ENCABEZAMIENTO SECUNDARIO DE COLECCIÓN--TÍTULO UNIFORME
9 (RLIN) 33853
Título uniforme Autores, textos y temas
Nombre de parte o sección de la obra Ciencias sociales
Designación de volumen o secuencia 23
902 ## - CES. TIPO DE DOCUMENTO
Tipodoc (006$c Sirtex) LIB Libro
942 ## - ELEMENTOS KOHA
Fuente de clasificaión o esquema Clasificación propia del CES
Koha [por defecto] tipo de item Monografías
Parte de clasificación Ciencias Sociales Politicas Empresariale
Existencias
Número de registro Signatura completa Tipo de item de Koha
092119 SG-7.0.-545 Monografías
© CES, Consejo Económico y Social de España 2021